| 000 | 00382nam a22000977a 4500 | ||
|---|---|---|---|
| 008 | 180423b xxu||||| |||| 00| 0 eng d | ||
| 100 | _aKelen, Emery | ||
| 245 | _aStamps tell the story of the Vatican | ||
| 260 |
_aNew York _bMeredith Press _c1969 |
||
| 650 | _aVatican City (1929-) | Commemorative Issues | Definitive Issues | Collecting | Stamps -- Histories | Topical Collecting -- History | ||
| 999 |
_c2728 _d2728 |
||